| 000 | 00000nam##2200000za#4500 |
| 001 | 9.697975 |
| 003 | CaOODSP |
| 005 | 20241203113637 |
| 007 | cr ||||||||||| |
| 008 | 150407|2004||||xxc|||||o f|0| 0 eng|d |
| 040 | |aCaOODSP|beng |
| 043 | |an-cn--- |
| 086 | 1 |aEn4-194/2004E-PDF |
| 110 | 1 |aCanada. |bEnvironment Canada. |
| 245 | 10|aFollow-up to information technology security audit |h[electronic resource] |
| 260 | |aGatineau - Quebec : |bEnvironment Canada |cJuly 2004. |
| 300 | |a15p.|btables |
| 590 | |a13-14-Supp|b2013-05-30 |
| 775 | 08|tSuivi de la vérification de la sécurité des technologies de l'information |w(CaOODSP)9.641970 |
| 856 | 40|ahttp://publications.gc.ca|qPDF|s89 KB|uhttps://publications.gc.ca/collections/collection_2013/ec/En4-194-2004-eng.pdf |